| 000 | 01449nam a2200313 c 4500 | ||
|---|---|---|---|
| 999 |
_c198594 _d198594 |
||
| 003 | BLK | ||
| 005 | 20191007153559.0 | ||
| 008 | 180411b bul|||||r ||||||| ||bul|| | ||
| 010 | _aKNG00207943000 | ||
| 040 | _aBLK | ||
| 041 |
_aBUL _cBUL |
||
| 072 | 7 |
_2bullib _aА _xФонд Михаил Арнаудов |
|
| 080 |
_aЗаконодателна функция на парламента. Вж и 342.52 _b328.34 _x(497.2)(042) _z328.34(497.2)(042) |
||
| 110 | 1 |
_aБългария. Нар. събрание _9279200 |
|
| 139 |
_aБългария. Нар. събрание _bБ 92 |
||
| 245 | 1 | 0 |
_aДоклад до ХIV обикновено народно събрание от парламентарната комисия за изработване щатове за чиновниците _bТ. 1 - 2 За том: Доклади до комисията от нейните членове _nТ. 2 _pМатериали |
| 257 | _aBGR | ||
| 260 |
_c1911 _fСофия : Държ. печ. |
||
| 300 | _c31 см | ||
| 380 | _a3 | ||
| 490 |
_9396381 _aЧастна колекция - Академик Михаил Арнаудов _gДарение - Основен фонд |
||
| 650 | 4 |
_aПарламент - функции _9165749 |
|
| 659 | _aА | ||
| 760 | 1 |
_aБългария. Нар. събрание _d1911 _hХ, 685 с. _nМека подв., неразрязана _tТ. 2 Материали |
|
| 852 | _aМА 2961 | ||
| 856 | 4 | _qpdf | |
| 856 | 4 | _qpdf | |
| 942 |
_cKNG _n0 _s1 |
||
| 944 |
_aCR _c14.06.2017 _kГеновева_Генчева |
||
| 944 |
_aED _c14.06.2017 _kГеновева_Генчева |
||
| 999 | _d198594 | ||